| 000 | 00762cac a22002051u 4500 | ||
|---|---|---|---|
| 008 | 081108t xxu||||| |||| 00| 0 eng d | ||
| 010 | _a80020652 | ||
| 020 | _a0131652583 (casebound) : | ||
| 020 | _a8120305299 | ||
| 082 | 0 | 0 |
_a001.64 _bMAR _222 |
| 100 |
_aMartin, James, _933438 |
||
| 245 | 1 | 0 |
_aComputer networks and distributed processing, software, techniques, and architecture / _cJames Martin. |
| 260 |
_aNew Delhi : _bPrentice Hall of India, _cc1981. |
||
| 300 |
_axiv, 562 p. : _bill. ; _c24 cm. |
||
| 500 | _a"A James Martin book." | ||
| 504 | _aIncludes bibliographical references and index. | ||
| 650 | 0 |
_aElectronic data processing _xDistributed processing. _933439 |
|
| 650 | 0 |
_aComputer networks. _933440 |
|
| 942 |
_cBB _k001.64 MAR _2ddc |
||
| 999 |
_c634 _d634 |
||